000
00232 a2200097 4500
001
48745
100
_a
Bishop
245
_a
Electrical and electronic systems and practice I
260
_a
London
_b
Macmillan
_c
090
_c
31646
_d
31646
942
_a
NUST-CAE
_c
M
_c
24054
999
_c
283818
_d
283818